Farmer field school on integrated soil nutrient management សាលារៀនស្រែកសិករស្ដីអំពីវិធានការចំរុះគ្រប់គ្រងជីជាតិដី (Record no. 528)

000 -LEADER
fixed length control field 00579nam a22001577a 4500
003 - CONTROL NUMBER IDENTIFIER
control field OSt
005 - DATE AND TIME OF LATEST TRANSACTION
control field 20150915165519.0
008 - FIXED-LENGTH DATA ELEMENTS--GENERAL INFORMATION
fixed length control field 150915b xxu||||| |||| 00| 0 eng d
040 ## - CATALOGING SOURCE
Transcribing agency RUA
082 ## - DEWEY DECIMAL CLASSIFICATION NUMBER
Classification number AGR NGO 2002 B028 Or.1
100 ## - MAIN ENTRY--PERSONAL NAME
9 (RLIN) 551
Personal name NGON, SIHENG.
245 ## - TITLE STATEMENT
Title Farmer field school on integrated soil nutrient management សាលារៀនស្រែកសិករស្ដីអំពីវិធានការចំរុះគ្រប់គ្រងជីជាតិដី
260 ## - PUBLICATION, DISTRIBUTION, ETC. (IMPRINT)
Place of publication, distribution, etc. Phnom Penh
Name of publisher, distributor, etc. RUA
Date of publication, distribution, etc. 2002
300 ## - PHYSICAL DESCRIPTION
Extent 80p.
Other physical details ill.
Dimensions 29cm.
942 ## - ADDED ENTRY ELEMENTS (KOHA)
Source of classification or shelving scheme
Koha item type AGR
Holdings
Price effective from Date last seen Permanent Location Not for loan Date acquired Source of classification or shelving scheme Koha item type Lost status Withdrawn status Total Renewals Date last checked out Total Checkouts Shelving location Damaged status Barcode Current Location Full call number
2015-09-152016-01-19Library Block B 2015-09-15 AGR  12016-01-041B028 RUA002851Library Block BAGR NGO 2002 B028 Or.1
2015-09-152015-09-15Library Block B 2015-09-15 AGR     B028 RUA002778Library Block BAGR NGO 2002 B028 Or.2
2015-09-152016-10-12Library Block B 2015-09-15 AGR   2016-10-041B028 RUA002706Library Block BAGR NGO 2002 B028 Or.3
2015-10-042015-10-04Library Block B 2015-10-04 AGR     B028 RUA015249Library Block BAGR NGO 2002 B028 Or.4
2015-10-042015-10-04Library Block B 2015-10-04 AGR     B028 RUA015100Library Block BAGR NGO 2002 B028 Or.5
2017-01-162017-01-16Library Block B 2017-01-16 AGR       A05901Library Block BAGR NGO 2002 B028 Or.6
2017-01-162017-01-16Library Block B 2017-01-16 AGR        Library Block BAGR NGO 2002 B028 Or.1
មជ្ឈមណ្ឌលឯការនៃសាកលវិទ្យាល័យភូមិន្ទកសិកម្មចំការដូង

Powered by Koha